000 00754nam a22002295i 4500
001 165033
003 ES-MaACL
005 20251003063147.0
008 050808s1871 gw | |||||||| ||eng d
040 _aCAM
_bspa
_cCAM
100 1 _aScott, Walter,
_cSir,
_d1771-1832
_9104957
245 1 0 _aWoodstock /
_cby Sir Walter Scott.
260 _aLeipzig :
_bBernhard Tauchnitz,
_c1871.
300 _a430 p. ;
_c16 cm.
490 1 _aCollection of british authors ;
_v1133
650 7 _aNovela inglesa
_2embne
_9137408
700 1 _aTauchnitz, Bernhard,
_eed.
_9162210
752 _aAlemania -
_dLeipzig
830 0 _aCollection of british authors ;
_v1133
_9180703
852 _aES-MaACL
_jG-11957(1)
_z-- Enc. hol.
999 _c165033
_d165033